| 000 | 00560nam a22001697a 4500 | ||
|---|---|---|---|
| 003 | NUST-PNEC | ||
| 005 | 20170116180740.0 | ||
| 008 | 141214b xxu||||| |||| 00| 0 eng d | ||
| 040 | _cPNEC | ||
| 082 | _a005.42883 MSC | ||
| 245 |
_aSCO XENIX system V operating system : run time environment. _cMSC |
||
| 260 |
_bSanta Cruz Operation, _cc1986. |
||
| 300 |
_a460 p. _c23 cm |
||
| 650 | _xMIS, Computer | ||
| 856 | _uhttps://www.worldcat.org/title/sco-xenix-system-v-operating-system-run-time-environment/oclc/31504371&referer=brief_results | ||
| 942 |
_2ddc _cBK |
||
| 999 |
_c62169 _d62169 |
||